01350nab a22002417a 4500999001500000003000400015005001700019008004100036040000700077100003800084245016900122260007200291300001500363500003900378505022500417505013800642505008900780650002600869650003000895650003100925773013900956942001301095 c5927d5927OSt20260227111611.0190605e xxu||||| |||| 00| 0 spa d cPJ 96783aVargas Gómez, Marcela F. 10aLetrados patrocinantes y Secretarios Técnicos Letrados: las dos caras del debido proceso en los trámites ante Comisiones Médicas /cMarcela F. Vargas Gómez. aCiudad Autónoma de Buenos Aires :bThomson Reuters La Ley,c2024. ap. 215-219 aCita: TR LALEY AR/DOC/3001/2023.  aSumario: I. A modo de introducción.— II. Actuación del letrado patrocinante. Importancia de su incorporación.— III. Secretarios Técnicos Letrados. Intervención en todos los trámites.— IV. Conclusiones.  aFallo comentado: ST Río Negro ~ 05/09/2023 ~ Fridevi S.A.F.I.C. c. Payalef, Hugo Lautaro s/ exclusión de tutela sindical - Queja. t¿Te interesa el texto completo? Solicitalo al correo: koha@justierradelfuego.gov.ar 091316aDERECHO LABORAL 091430aRIESGOS DEL TRABAJO 094942aCOMISIONES MÉDICAS0 0271193168dCiudad Autónoma de Buenos Aires : Thomson Reuters La Ley, 1999-2002.tRevista de derecho del trabajo. Nº 1 - Enero 2024 2udccANA